Language Quiz

Random Language or Latin Quiz

Decline a Latin Second Declension Noun Quiz Stats

 Plays Quiz not verified by Sporcle

Score 0/12 Timer 04:00
0 Plays Today
Case # Gender form of puer % Correct
Nominative Singular Masculinepuer
100%
Vocative Singular Masculinepuer
100%
Genitive Singular Masculinepueri
96.3%
Nominative Plural Masculinepueri
96.3%
Vocative Plural Masculinepueri
96.3%
Dative Singular Masculinepuero
94.7%
Ablative Singular Masculinepuero
94.7%
Dative Plural Masculinepueris
92%
Ablative Plural Masculinepueris
92%
Accusative Singular Masculinepuerum
91.4%
Genitive Plural Masculinepuerorum
87.2%
Accusative Plural Masculinepueros
86.6%

You're not logged in!

Compare scores with friends on all Sporcle quizzes.
OR
Log In

Show Comments

Extras

Created Nov 9, 2010ReportNominate
Tags:Latin Quiz

Top Quizzes Today


Score Distribution

Your Account Isn't Verified!

In order to create a playlist on Sporcle, you need to verify the email address you used during registration. Go to your Sporcle Settings to finish the process.

Report this User

Report this user for behavior that violates our Community Guidelines.

Details: